Popularne numery rap/trap tygodnia 12-18.02 Spotify. - Statystyki

Ogólne statystyki
  • Ten quiz został rozwiązany 8 razy
  • Średni wynik to 24 z 30
Statystyki odpowiedzi
Wykonawca Odsłuchania Utwór % Poprawnych
Reto 368K Billy Kid
100%
Guzior 672K BLUEBERRY
100%
Quebonafide, Daria Zawiałow 360K BUBBLETEA
100%
Bedoes, Lanek 347K Doda
100%
Alberto 366K Dwutakt
100%
Guzior, Oskar83 566K FALA
100%
Mata, Wyguś, Szczepan, Adam 250K GOMBAO 33
100%
Sobel 343K Impreza
100%
Sobel 317K Kinol
100%
Kabe 413K Nad ranem
100%
Young Leosia 878K Szklanki
100%
Wiatr, Sobel, Be Vis 458K Testarossa
100%
SB Maffija 246K A nie pamiętasz jak?
88%
Qry 353K Bierz do buzi
88%
Kizo, Trill Pem 400K Fitness
88%
Favst, Gibbs, Kukon 261K halo
88%
Żabson, Young Leosia, Beteo, Borucci 262K ULALA
88%
Wac Toja 276K Kapitan
75%
Chivas, White 2115 419K Mam Na Twarzy Krew I Tym Razem Nie Jest Sztuczna
75%
Żabson 539K OBOK
75%
Mata 246K Schodki
75%
Guzior 241K TRAPSTAR
75%
Tymek, Kuba Karaś, Urbanski 262K Oczko w głowie
63%
Taco Hemingway 280K Polskie Tango
63%
PRO8L3M, Brodka 248K Żar
63%
Bedoes, Lanek 260K City Boy
50%
Smolasty, Qry 246K Powiedz
38%
Bedoes, Lanek 386K TOA$T /
38%
Bedoes, Lanek 252K Chrome Hearts /
25%
Bedoes, Lanek 279K NBP /
25%
Nie znaleziono quizów pasujących do podanych kryteriów
Rozkład punktacji
Procent ludzi z każdym wynikiem
Percentyl według liczby udzielonych odpowiedzi
Twoja historia wyników
Nie rozwiązałeś tego quizu